Od teorie k praxi vyučování na střední všeobecně vzdělávácí škole
Gespeichert in:
| Format: | Buch |
|---|---|
| Sprache: | Tschechisch |
| Veröffentlicht: |
Praha
Státní pedagogické nakladatelství
1983
|
| Tags: |
Keine Tags, Fügen Sie das erste Tag hinzu!
|
MARC
| LEADER | 00000nam a2200000 4500 | ||
|---|---|---|---|
| 001 | c132677 | ||
| 005 | 20250818104658.7 | ||
| 041 | 0 | |a cze | |
| 044 | |a CZ | ||
| 245 | 1 | 0 | |a Od teorie k praxi vyučování |b na střední všeobecně vzdělávácí škole |c Jarmila Skalková |
| 264 | 1 | |a Praha |b Státní pedagogické nakladatelství |c 1983 | |
| 300 | |a 206 s. | ||